Nonlinear semigroups, partial differential equations and attractors : proceedings of symposium held in Washington, D.C., August 3-7, 1987
Αποθηκεύτηκε σε:
| Συγγραφή απο Οργανισμό/Αρχή: | |
|---|---|
| Άλλοι συγγραφείς: | , |
| Μορφή: | Πρακτικό Συνεδρίου Βιβλίο |
| Γλώσσα: | English |
| Δημοσίευση: |
Berlin :
Springer-Verlag,
c1989.
|
| Σειρά: | Lecture notes in mathematics (Springer-Verlag)
; 1394 |
| Θέματα: | |
| Ετικέτες: |
Προσθήκη ετικέτας
Δεν υπάρχουν, Καταχωρήστε ετικέτα πρώτοι!
|
MARC
| LEADER | 00000cam a2200000 i 4500 | ||
|---|---|---|---|
| 001 | 1/28914 | ||
| 008 | 941103s1989 gw ||| | eng|| | ||
| 020 | |a 3540515941 | ||
| 035 | |a 1993 |l 10038194 | ||
| 040 | |a GR-MyUA |b gre |e AACR2 | ||
| 041 | 0 | |a eng | |
| 082 | 0 | |a 512.2 | |
| 245 | 0 | 0 | |a Nonlinear semigroups, partial differential equations and attractors : |b proceedings of symposium held in Washington, D.C., August 3-7, 1987 / |c T.L. Gill, W.W. Zachary (eds.). |
| 260 | |a Berlin : |b Springer-Verlag, |c c1989. | ||
| 300 | |a ix, 233 σ. ; |c 25 εκ. | ||
| 490 | 1 | |a (Lecture notes in mathematics (Springer-Verlag) |v ; 1394) | |
| 500 | |a "Proceedings of the Second Symposium on Nonlinear Semigroups, Partial Differential Equations, and Attractors held at Howard University" | ||
| 504 | |a Περιέχει βιβλιογραφικές αναφορές και ευρετήριο. | ||
| 650 | 0 | 0 | |a Semigroups of operators |x Congresses. |
| 650 | 0 | 0 | |a Differential equations, Partial |x Congresses. |
| 650 | 0 | 0 | |a Nonlinear operators |x Congresses. |
| 650 | 0 | 0 | |a Differentiable dynamical systems |x Congresses. |
| 700 | 1 | |a Gill, T. L. |q (Tepper L.), |d 1941- |e edt | |
| 700 | 1 | |a Zachary, W. W., |d 1935-2011, |e edt | |
| 711 | 2 | |a Symposium on Nonlinear Semigroups, Partial Differential Equations, and Attractors |n (2nd : |d 1987 : |c Howard University) | |
| 830 | 0 | |a Lecture notes in mathematics (Springer-Verlag) |v ; 1394 | |
| 852 | |a INST |b SAMOS |e 19941103 |h 512.2 NON |p 005300006863 |q 005300006863 |t BK |y 0 | ||